| 000 | 00549nam a2200205Ia 4500 | ||
|---|---|---|---|
| 003 | OSt | ||
| 005 | 20230606111138.0 | ||
| 008 | 210423s2001 xx 000 0 und d | ||
| 040 | _cAL | ||
| 041 | _aeng | ||
| 082 |
_a307.76 _223 _b PAUI |
||
| 100 |
_aPAULUS (Caleb R) _9120104 |
||
| 245 | _aImpact of urbanisation on fertility in india | ||
| 260 |
_aMysore _bPrasaranga _c2001 |
||
| 365 | _cINR | ||
| 650 |
_aSociology _9120105 |
||
| 650 |
_aUrban Communities _9120106 |
||
| 906 | _afertility ; Impact ; india ; urbanisation | ||
| 942 |
_2ddc _cBK |
||
| 999 |
_c174911 _d174911 |
||